Perspektívy európskej migračnej politiky po migračnej vlne 2015

Bezprostredné reakcie Európskej únie na vznik migračnej krízy. Budovanie hotspotov na území Grécka a Španielska s cieľom registrovať utečencov, a tým zabrániť nekontrolovanému prílivu imigrantov z tretích krajín. Budovanie spoločnej európskej armády, jednotnej migračnej politiky a humanitárnej a pol...

Full description

Saved in:
Bibliographic Details
Main Author: Markovič, Ľuboš
Format: Book Chapter
Language:Slovak
Subjects:
Tags: Add Tag
No Tags, Be the first to tag this record!

MARC

LEADER 00000naa a2200000 4500
001 0283506
005 20240417075204.4
041 0 |a slo 
044 |a SK 
245 1 0 |a Perspektívy európskej migračnej politiky po migračnej vlne 2015  |c Ľuboš Markovič 
520 |a Bezprostredné reakcie Európskej únie na vznik migračnej krízy. Budovanie hotspotov na území Grécka a Španielska s cieľom registrovať utečencov, a tým zabrániť nekontrolovanému prílivu imigrantov z tretích krajín. Budovanie spoločnej európskej armády, jednotnej migračnej politiky a humanitárnej a politickej spolupráce s tretími krajinami. Nový pakt o migrácii a azyle, ktorý má svojou flexibilitou zabrániť najväčším problémom migrácie a vzniku ďalšej politickej krízy, ktorá vypukla medzi členskými štátmi EÚ kvôli povinnému prerozdeľovaniu utečencov. 
610 2 0 |a migrácia 
610 2 0 |a politika migračná 
610 2 0 |a utečenci 
610 2 0 |a spolupráca medzinárodná 
610 2 0 |a kríza politická 
610 2 0 |a Európska únia 
100 1 |a Markovič, Ľuboš